Общая энергетика (Запись № 10806979)

Подробности
000 -МАРКЕР
контрольное поле 01904nam1a2200289 i 4500
001 - ИДЕНТИФИКАТОР ЗАПИСИ
контрольное поле RU\NLR\BIBL_A\011268432
005 - ИДЕНТИФИКАТОР ВЕРСИИ
контрольное поле 20260405134339.0
035 ## - ДРУГИЕ СИСТЕМНЫЕ НОМЕРА
Идентификатор записи (NLR Aleph) 011268432
100 ## - ДАННЫЕ ОБЩЕЙ ОБРАБОТКИ
Данные общей обработки 20160627g20169999um y0rusy50 ca
101 0# - ЯЗЫК РЕСУРСА
Язык текста, звукозаписи и т.д. русский
102 ## - СТРАНА ПУБЛИКАЦИИ ИЛИ ПРОИЗВОДСТВА
Страна публикации Российская Федерация
105 ## - ПОЛЕ КОДИРОВАННЫХ ДАННЫХ: ТЕКСТОВЫЕ МАТЕРИАЛЫ, МОНОГРАФИЧЕСКИЕ
Кодированные данные о монографическом текстовом документе ||||j||||||||
200 1# - ЗАГЛАВИЕ И СВЕДЕНИЯ ОБ ОТВЕТСТВЕННОСТИ
Основное заглавие Общая энергетика
Сведения, относящиеся к заглавию учебник
-- [в 2 кн.
Первые сведения об ответственности Горелов Валерий Павлович, Горелов Сергей Валерьевич, Горелов Валерий Сергеевич и др.]
Последующие сведения об ответственности под ред. д-ров техн. наук, профессоров В. П. Горелова, Е. В. Ивановой
-- М-во трансп. Рос. Федерации, Федер. агентство мор. и реч. трансп., Федер. бюджет. образоват. учреждение высш. образования "Сиб. гос. ун-т вод. трансп."
210 ## - ПУБЛИКАЦИЯ, РАСПРОСТРАНЕНИЕ И ДР.
Место издания, распространения и т.д. Новосибирск
Имя издателя, распространителя и т. д. ФГБОУ ВО "Сибирский государственный университет водного транспорта"
Дата издания, распространения и т.д. 2016
215 ## - ФИЗИЧЕСКАЯ ХАРАКТЕРИСТИКА
Размеры 20
300 ## - ОБЩИЕ ПРИМЕЧАНИЯ
Текст примечания Авт. указаны в вып. дан.
606 1# - НАИМЕНОВАНИЕ ТЕМЫ КАК ПРЕДМЕТ
Наименование темы Энергетика
Формальный подзаголовок Учебники для высших учебных заведений
Системный номер авторитетной/нормативной записи 919067
Идентификатор авторитетной/нормативной записи RU\NLR\AUTH\6617591
686 1# - ИНДЕКСЫ ДРУГИХ КЛАССИФИКАЦИЙ
Индекс З1я73-1
701 #1 - ИМЯ ЛИЦА - АЛЬТЕРНАТИВНАЯ ОТВЕТСТВЕННОСТЬ
Материалы, к которым относится поле rus
Графика поля Кириллица
Начальный элемент ввода Горелов
Часть имени, кроме начального элемента ввода В. П.
Даты 1941-
Расширение инициалов личного имени Валерий Павлович
Идентификатор авторитетной/нормативной записи RU\NLR\AUTH\7754879
Системный номер авторитетной/нормативной записи 37811
701 #1 - ИМЯ ЛИЦА - АЛЬТЕРНАТИВНАЯ ОТВЕТСТВЕННОСТЬ
Начальный элемент ввода Горелов
Часть имени, кроме начального элемента ввода С. В.
Даты 1970-
Расширение инициалов личного имени Сергей Валерьевич
701 #1 - ИМЯ ЛИЦА - АЛЬТЕРНАТИВНАЯ ОТВЕТСТВЕННОСТЬ
Начальный элемент ввода Горелов
Часть имени, кроме начального элемента ввода В. С.
Расширение инициалов личного имени Валерий Сергеевич
712 02 - НАИМЕНОВАНИЕ ОРГАНИЗАЦИИ - ВТОРИЧНАЯ ОТВЕТСТВЕННОСТЬ
Код отношения Прочие
Начальный элемент ввода Сибирский государственный университет водного транспорта
Идентифицирующий признак Новосибирск
Системный номер авторитетной/нормативной записи 502334
Идентификатор авторитетной/нормативной записи RU\NLR\AUTH\880418637
852 ## - МЕСТОНАХОЖДЕНИЕ И ШИФР ХРАНЕНИЯ
Идентификатор организации NLR
Шифр хранения (Call Number) 2016-3/19904
942 ## - ДОПОЛНИТЕЛЬНЫЕ ЭЛЕМЕНТЫ ЗАПИСИ (АБИС)
Тип экземпляра АБИС Книга

Нет доступных экземпляров.